000
00280nam a2200109 4500
008
160704b xxu||||| |||| 00| 0 eng d
100
_9
2016
_a
Roy, N
245
_a
The Railway Train
260
_a
N.D
_b
Children Book Trust
_c
1994
300
_a
The Railway Train
942
_2
ddc
_c
BK
999
_c
1716
_d
1716